A magzati ultrahang-diagnosztika lehetőségei és korlátai. 1. Szívfejlődési rendellenességek prenatális diagnózisa

Elmentve itt :
Bibliográfiai részletek
Szerzők: Pál Attila
Orvos Hajnalka
Dokumentumtípus: Cikk
Megjelent: 2006
Sorozat:MAGYAR NŐORVOSOK LAPJA 69 No. 1
mtmt:1388260
Online Access:http://publicatio.bibl.u-szeged.hu/13021
LEADER 00688nab a2200193 i 4500
001 publ13021
005 20200228091725.0
008 180301s2006 hu o 0|| zxx d
022 |a 0025-021X 
024 7 |a 1388260  |2 mtmt 
040 |a SZTE Publicatio Repozitórium  |b hun 
041 |a zxx 
100 1 |a Pál Attila 
245 1 2 |a A magzati ultrahang-diagnosztika lehetőségei és korlátai. 1. Szívfejlődési rendellenességek prenatális diagnózisa  |h [elektronikus dokumentum] /  |c  Pál Attila 
260 |c 2006 
300 |a 49-52 
490 0 |a MAGYAR NŐORVOSOK LAPJA  |v 69 No. 1 
700 0 1 |a Orvos Hajnalka  |e aut 
856 4 0 |u http://publicatio.bibl.u-szeged.hu/13021/1/13021.pdf  |z Dokumentum-elérés